000 00402 a2200133 4500
001 92213
082 _aPR 2500
090 _c44173
_d44172
100 _aKashif Hayat; Prof Haris Ali Khan and Babar Saeed (Advisors)
245 _aReplacemant of Leading Edge of JF-17 Aircraft with Composite Material
_h78 "A" EC
260 _aIslamabad
_bNUST
_c2015
300 _axii,61p.
500 _aBE Project Report
942 _aCAE NUST
_kPR 2500
999 _c327286
_d327286